ARRUPE JESUIT UNIVERSITY

CORONAVIRUS -STOP THE SPREAD - CLEAN,DISINFECT,COVER

The life of Henry Brulard (Record no. 130306)

MARC details
000 -LEADER
fixed length control field 00728cam a22002411 4500
001 - CONTROL NUMBER
control field 10285960
003 - CONTROL NUMBER IDENTIFIER
control field ARRUPE
005 - DATE AND TIME OF LATEST TRANSACTION
control field 20200205094500.0
008 - FIXED-LENGTH DATA ELEMENTS--GENERAL INFORMATION
fixed length control field 720626s1958 nyua 000 0beng
010 ## - LIBRARY OF CONGRESS CONTROL NUMBER
LC control number 58013192
035 ## - SYSTEM CONTROL NUMBER
System control number (OCoLC)341560
040 ## - CATALOGING SOURCE
Original cataloging agency DLC
Transcribing agency ODaWU
Modifying agency OCoLC
-- DLC
041 1# - LANGUAGE CODE
Language code of text/sound track or separate title eng
Language code of original and/or intermediate translations of text fre
042 ## - AUTHENTICATION CODE
Authentication code premarc
050 00 - LIBRARY OF CONGRESS CALL NUMBER
Classification number PQ2436.A2
Item number V43 1958
082 ## - DEWEY DECIMAL CLASSIFICATION NUMBER
Classification number 928.4
300 ## - PHYSICAL DESCRIPTION
Other physical details illus.
Dimensions 22 cm.
100 1# - MAIN ENTRY--PERSONAL NAME
Personal name Stendhal,
Dates associated with a name 1783-1842.
9 (RLIN) 49380
245 14 - TITLE STATEMENT
Title The life of Henry Brulard
Statement of responsibility, etc [by] Stendhal [pseud.] Translated by Jean Stewart and B.C.J.G. Knight.
260 ## - PUBLICATION, DISTRIBUTION, ETC. (IMPRINT)
Place of publication, distribution, etc New York,
Name of publisher, distributor, etc The Merlin Press
Date of publication, distribution, etc [1958]
300 ## - PHYSICAL DESCRIPTION
Extent viii, 347 p.
906 ## - LOCAL DATA ELEMENT F, LDF (RLIN)
a 7
b cbc
c oclcrpl
d u
e ncip
f 19
g y-gencatlg
942 ## - ADDED ENTRY ELEMENTS (KOHA)
Source of classification or shelving scheme Library of Congress Classification
Koha item type Monograph ( Printed materials)
Holdings
Withdrawn status Lost status Source of classification or shelving scheme Damaged status Not for loan Collection code Home library Current library Shelving location Date acquired Total Checkouts Full call number Barcode Date last seen Price effective from Koha item type
    Library of Congress Classification     Main Collection ARRUPE LIBRARY ARRUPE LIBRARY Main Collection 05/02/2020   PQ2436.A2 V43 1958 46600006559 05/02/2020 05/02/2020 Monograph ( Printed materials)

 

Arrupe Library. PO Box MP320 Mt Pleasant, Harare, Zimbabwe
263 242 745411|librarian@aju.ac.zw